Propiedades termodinámicas / (Registro nro. 7883)

Detalles MARC
000 -CABECERA
Campo de control interno 01898nam a2200265Ia 4500
008 - ELEMENTOS DE LONGITUD FIJA - INFORMACIÓN GENERAL
Campo de control de longitud fija 260220t1968||||xx |||||||||||||| ||spa||
040 ## - FUENTE DE CATALOGACIÓN
Agencia de catalogación original PY-SlUNAC
Idioma de catalogación spa
Convenciones de descripción rda
041 ## - CÓDIGO DE IDIOMA
Código de idioma para texto/pista de sonido o título separado spa
082 ## - NÚMERO DE CLASIFICACIÓN DECIMAL DEWEY
Clasificación Decimal Dewey (CDD) 541.369
Clasificación Expansiva de Cutter (EC) B792p
100 ## - ASIENTO PRINCIPAL - NOMBRE PERSONAL
Nombre personal Brophy, Fere H.
Rol del autor Autor
245 #0 - TÍTULO
Título Propiedades termodinámicas /
Mención de responsabilidad por Fere H. Brophy [Autor]; Robert M. Rose [Director] y John Wuff [Director]
264 ## - PIE DE IMPRENTA
Lugar Ciudad de México :
Editorial Limusa,
Año ℗1968.
300 ## - DESCRIPCIÓN FÍSICA
Páginas 1 volumen
520 ## - NOTA DE RESUMEN
Nota de resumen El libro "Propiedades termodinámicas" de Fere H. Brophy, publicado en 1968, ofrece un análisis detallado de los fundamentos y aplicaciones de la termodinámica, centrándose en las propiedades físicas y químicas de los sistemas térmicos. A lo largo de sus capítulos, Brophy presenta conceptos clave como la energía interna, la entropía, la entalpía y la temperatura, además de explorar las leyes de la termodinámica y su relevancia en procesos industriales. Mediante ejemplos prácticos y fórmulas, el autor facilita la comprensión de cómo las propiedades termodinámicas influyen en la conducta de diversas sustancias en diferentes condiciones. El texto también aborda el equilibrio químico y las transformaciones de fase, relacionando estas propiedades con el comportamiento de gases ideales y reales. Brophy logra una exposición clara y accesible, convirtiendo este libro en un recurso valioso para estudiantes y profesionales en ingeniería y ciencias aplicadas, que buscan entender los principios que rigen la energía y su transferencia en sistemas diversos.
653 ## - MATERIA - TÉRMINO TEMÁTICO NO CONTROLADO (PALABRAS CLAVE)
Materia - término temático no controlado (palabras clave) Ciencias físicas
653 ## - MATERIA - TÉRMINO TEMÁTICO NO CONTROLADO (PALABRAS CLAVE)
Materia - término temático no controlado (palabras clave) Propiedades físicas
653 ## - MATERIA - TÉRMINO TEMÁTICO NO CONTROLADO (PALABRAS CLAVE)
Materia - término temático no controlado (palabras clave) Termodinámica
700 ## - ENTRADA SECUNDARIA - AUTOR PERSONAL
Nombre personal Rose, Robert M.
Rol del autor Director
700 ## - ENTRADA SECUNDARIA - AUTOR PERSONAL
Nombre personal Wuff, John
Rol del autor Director
942 ## - ELEMENTOS PERSONALIZADOS (KOHA)
Fecha catalogación 2026/02/17
Tipo de documento Libros
Existencias
Fuente de Clasificacion Colección Ubicacion permanente Biblioteca actual Fecha de Ingreso a la Biblioteca Origen de adquisición Código de ubicación Código de barras Tipo de Item KOHA Nota pública
Dewey Decimal Classification Colección General (CG) Biblioteca e Internet, Facultad de Ciencias Exactas y Naturales Biblioteca e Internet, Facultad de Ciencias Exactas y Naturales 02/20/2026 Donación 541.369 B792p CG1243 Libros Material disponible en la Biblioteca e Intenet, Campus UNA, San Lorenzo.